00512nam a2200205Ia 4500008004100000020001800041050001600059100002100075245003300096245002500129245002400154250001800178260001500196260001600211260000900227300001600236300002000252300001000272300002400282170918s9999 xx 000 0 und d a9780439649827 bD392pa 2004 aDenenberg, Barry aPandora of Athens 399 B.C. : bthe life and times / cby Barry Denenberg. aFirst edition aNew York : bScholastic, c2004 a125 pages : billustrations : c19cm. eThe life and times.